• 首页
  • 本馆介绍
  • 公告通知
  • 最新文献
  • 馆藏检索
  • 电子资源
  • 读者导购
  • 参考咨询
  • 我的图书馆
  • 登录
  • 详细信息显示
  • 放入我的书架
  • 预约/预借图书
  • 作者相关作品
  • 分类相关作品
  • 丛书相关作品
  • 出版社相关作品

书目信息

  • 表格格式
  • 工作单格式
  • 卡片格式
题名:
石鲁书画集
    
 
作者: 石鲁绘 著
分册:  
出版信息: 北京   人民美术出版社  1990.09
页数: 304页
开本: 28cm
丛书名:
单 册:
中图分类: J221.8
科图分类:
主题词: 绘画--中国
电子资源:
ISBN: 7-102-00849-X
000 00484nam0 2200181 45
001 0181024404
005 20051108105109.87
010    @a7-102-00849-X@b精装@dCNY150.00
100    @a20810111d km y0chiy0120 ea
101 0  @achi
200 1  @a石鲁书画集@ASHI LU SHU HUA JI@f石鲁绘著@FSHI LU HUI ZHU
210    @a北京@c人民美术出版社@d1990.09
215    @a304页@d28cm
606 0  @a绘画@x中国
690    @aJ221.8
701 0  @a石鲁绘@4著
801    @aCN@bTSTC@c20051108
905    @dJ221.8@e10
    
    石鲁书画集/石鲁绘著.-北京:人民美术出版社,1990.09
    304页;28cm
    
    
    ISBN 7-102-00849-X(精装):CNY150.00
    
●
相关链接 在E读中查询图书 在五车中查询图书 在当当中查询图书 在豆瓣中查询图书


正题名:石鲁书画集     索取号:J221.8/10         预约/预借

序号 登录号 条形码 馆藏地/架位号 状态 备注
1 0259008   202141413   密集书库/ [索取号:J221.8/10] 在馆    
唐山师范学院图书馆 欢迎您!
大连网信软件有限公司© 版权所有